000 00959nam a22003017a 4500
001 BR9402050
003 BR-BrBNA
005 20230928093923.0
007 ta
008 230509b bl.||||| |||| 00| 0 por d
040 _aBR-BrBNA
_bpor
_cBiblioteca Nacional de Agricultura
041 _a(Por)
072 _aM12; E12
090 _ M12 BR9402050
110 1 _aInstituto de Pesca, Santos, SP (Brasil)
_0Tese (Mestrado)
_96066
110 1 _aUniversidade Catolica de Santos, SP (Brasil)
_0Tese (Mestrado)
111 1 _aEncontro Nacional de Pesca e Agricultura
_cSantos, SP (Brazil)
_d22-26 Jul 1991
245 1 _aEncontro Nacional de Pesca e Agricultura. Documento tecnico. Anais
260 3 _aSantos, SP (Brasil):
_c1992.
300 _a80 p.
650 _aPesca
650 _aAgricultura
650 _aProducao Pesqueira
650 _aEstatistica de Producao
650 _aComercio Exterior
909 _a202309
_bLucia
_c55
_dLucia Elande
942 _cBK
999 _c47905
_d47905